Ứng dụng vi xử lý và vi điều khiển

Quyển sách Ứng dụng vi xử lý và vi điều khiển gồm 10 chương chủ yếu thực hành lập trình vi xử lý điều khiển và hiển thị với các linh kiện điện tử thường gặp như: Led đơn, Led 7 đoạn, LCD, Động cơ DC, Động cơ bước, Chuyển đổi AD, Gia...

全面介紹

Đã lưu trong:
書目詳細資料
主要作者: Lê, Ngọc Bích
格式: 圖書
語言:Undetermined
出版: Hà Nội Bách khoa Hà Nội 2016
主題:
標簽: 添加標簽
沒有標簽, 成為第一個標記此記錄!
Thư viện lưu trữ: Trung tâm Học liệu Trường Đại học Cần Thơ
LEADER 01307nam a2200205Ia 4500
001 CTU_230855
008 210402s9999 xx 000 0 und d
020 |c 112000 
082 |a 629.89 
082 |b B302 
100 |a Lê, Ngọc Bích 
245 0 |a Ứng dụng vi xử lý và vi điều khiển 
245 0 |c Lê Ngọc Bích, Phạm Quang Huy 
260 |a Hà Nội 
260 |b Bách khoa Hà Nội 
260 |c 2016 
520 |a Quyển sách Ứng dụng vi xử lý và vi điều khiển gồm 10 chương chủ yếu thực hành lập trình vi xử lý điều khiển và hiển thị với các linh kiện điện tử thường gặp như: Led đơn, Led 7 đoạn, LCD, Động cơ DC, Động cơ bước, Chuyển đổi AD, Giao tiếp bàn phím - ma trận. Ngoài ra bạn đọc còn được thực hành với hai chủ đề tương đối khó khi làm việc với vi xử lý là: Truyền thông nối tiếp và ứng dụng ngắt. 
650 |a Điện tử,Bộ vi xử lí,Vi điều khiển,Electronics,Microcontrollers,Microprocessors 
910 |b vtbtruc 
980 |a Trung tâm Học liệu Trường Đại học Cần Thơ